| 000 | 00509nam a2200229Ia 4500 | ||
|---|---|---|---|
| 003 | IT-RoPAU | ||
| 008 | 120407s9999 xx 000 0 und d | ||
| 040 | _aIT-RoPAU | ||
| 040 | _cIT-RoPAU | ||
| 041 | _aita | ||
| 100 | _aBino Olivi | ||
| 245 | _aIl tentativo europeo. Storia politica della comunità europea | ||
| 250 | _aMilano | ||
| 260 | _aEtas Libri | ||
| 260 | _c1979 | ||
| 300 | _a309 p. | ||
| 300 | _c19 cm | ||
| 490 | _aUniversale Etas | ||
| 490 | _v17 | ||
| 942 | _cBK | ||
| 999 |
_c32147 _d32147 |
||